Типографика: шрифт, верстка, дизайн: пер. с англ.

Détails bibliographiques
Auteur principal: Феличи Дж. Джеймс
Résumé:Книга посвящена типографике — искусству оформления произведений печати средствами набора и верстки, которое имеет художественный и технический аспекты. Рассматриваемые эстетические принципы выбора и применения шрифтов для печатной продукции и экранного представления поддерживаются множеством сведений, правил и тонкостей профессиональной компьютерной верстки, отвечающей современным стандартам. Материал дополнен информацией отечественных специалистов. Во втором издании описаны универсальные технические приемы по работе в новейших версиях основных программ верстки для Mac OS и Windows, шрифты Unicode и ОрепТуре, расширенные наборы символов, методы поиска символов, даны последние сведения по веб-типографике (в том числе CSS3). Книга полезщ и доступна не только дизайнерам, печатникам и менеджерам полиграфического производства, но и всем, интересующимся вопросами верстки.
Langue:russe
Publié: Санкт-Петербург, БХВ-Петербург, 2014
Édition:2-е изд.
Sujets:
Format: MixedMaterials Livre
KOHA link:https://koha.lib.tpu.ru/cgi-bin/koha/opac-detail.pl?biblionumber=258003

MARC

LEADER 00000nam0a2200000 4500
001 258003
005 20231101233244.0
010 |a 9785977509084 
035 |a (RuTPU)RU\TPU\book\280834 
090 |a 258003 
100 |a 20140422d2014 km y0rusy50 ca 
101 1 |a rus  |c eng 
102 |a RU 
105 |a a z 001zy 
200 1 |a Типографика: шрифт, верстка, дизайн  |e пер. с англ.  |f Дж. Феличи 
205 |a 2-е изд. 
210 |a Санкт-Петербург  |c БХВ-Петербург  |d 2014 
215 |a 474 с.  |c ил. 
320 |a Библиогр.: с. 459-462. 
320 |a Предметный указатель: с. 463-470. 
320 |a Иностранные термины: с. 470-474. 
330 |a Книга посвящена типографике — искусству оформления произведений печати средствами набора и верстки, которое имеет художественный и технический аспекты. Рассматриваемые эстетические принципы выбора и применения шрифтов для печатной продукции и экранного представления поддерживаются множеством сведений, правил и тонкостей профессиональной компьютерной верстки, отвечающей современным стандартам. Материал дополнен информацией отечественных специалистов. Во втором издании описаны универсальные технические приемы по работе в новейших версиях основных программ верстки для Mac OS и Windows, шрифты Unicode и ОрепТуре, расширенные наборы символов, методы поиска символов, даны последние сведения по веб-типографике (в том числе CSS3). Книга полезщ и доступна не только дизайнерам, печатникам и менеджерам полиграфического производства, но и всем, интересующимся вопросами верстки. 
606 1 |a Издательская продукция  |x Оформление  |2 stltpush  |3 (RuTPU)RU\TPU\subj\12219  |9 39045 
610 1 |a типографика 
610 1 |a типометрия 
610 1 |a шрифты 
610 1 |a шрифтовые файлы 
610 1 |a применение 
610 1 |a типографский набор 
610 1 |a машинопись 
610 1 |a тексты 
610 1 |a компьютерный набор 
610 1 |a верстка 
610 1 |a перенос 
610 1 |a выключка 
610 1 |a кернинг 
610 1 |a трекинг 
610 1 |a технические приемы 
675 |a 655.53  |v 3 
700 1 |a Феличи  |b Дж.  |g Джеймс 
801 1 |a RU  |b 63413507  |c 20140422 
801 2 |a RU  |b 63413507  |c 20150618  |g RCR 
942 |c BK 
959 |a 61/20140403  |d 3  |e 499,00  |f ЧЗТЛ:1  |f АНЛ:1  |f УФ:1